Lie superalgebras and enveloping algebras

Αποθηκεύτηκε σε:
Λεπτομέρειες βιβλιογραφικής εγγραφής
Κύριος συγγραφέας: Musson, Ian M. (Ian Malcolm) 1953-
Μορφή: Βιβλίο
Γλώσσα:English
Δημοσίευση: Providence, R.I. : American Mathematical Society, c2012
Σειρά:Graduate studies in mathematics ; ; 131
Θέματα:
Ετικέτες: Προσθήκη ετικέτας
Δεν υπάρχουν, Καταχωρήστε ετικέτα πρώτοι!

MARC

LEADER 00000nam a2200000 i 4500
001 1/60007
008 141119s2012 eng d
020 |a 978-0-8218-6867-6 
035 |l 10119797 
040 |a GR-MY-UA  |b gre  |e aacr 
041 0 |a eng 
082 0 |a 512.55  |2 (23) 
100 1 |a Musson, Ian M.  |q (Ian Malcolm)  |d 1953- 
245 1 0 |a Lie superalgebras and enveloping algebras /  |c Ian M. Musson 
260 |a Providence, R.I. :   |b American Mathematical Society,   |c c2012 
300 |a xx, 488 σ.;  |b εικ.;  |c 27 εκ. 
490 1 |a Graduate studies in mathematics  |v ; 131 
504 |a Βιβλιογραφία: σ.471-484. Ευρετήριο 
650 0 0 |a Lie Superalgebras. 
650 0 0 |a Universal enveloping algebras. 
830 0 |a Graduate studies in mathematics ;  |v ; 131 
852 |a INST  |b SAMOS  |e 20141119  |h 512.55 MUS  |p 005300037191  |q 005300037191  |t BK  |y 0 
901 |a BIBL3-2014-3 
909 |a Σ  |b 189187 
922 |a 3ΕΛΗ  |b 201405  |c ΤΜΗΜΑ ΜΑΘΗΜΑΤΙΚΩΝ  |d ΔΙΑΔΡΟΜΕΣ 
970 |a ΚΟΣΙΕΡΗΣ  |b ΧΡΗΣΤΟΣ  |z 2014/11/19